LIBRARY & INFORMATION CENTRE, KCAET, TAVANUR

ONLINE PUBLIC ACCESS CATALOGUE (OPAC)

Engineering Drawing: Plane and Solid Geometry (Record no. 13644)

MARC details
000 -LEADER
fixed length control field 00445nam a22001577a 4500
020 ## - INTERNATIONAL STANDARD BOOK NUMBER
ISBN 9789380358178
082 ## - DEWEY DECIMAL CLASSIFICATION NUMBER
Classification number 604.2
Item number BHA/EN
100 ## - MAIN ENTRY--AUTHOR NAME
Personal name Bhatt, N.D
245 ## - TITLE STATEMENT
Title Engineering Drawing: Plane and Solid Geometry
250 ## - EDITION STATEMENT
Edition statement 15th rev and enlarged/ 51 st
260 ## - PUBLICATION, DISTRIBUTION, ETC. (IMPRINT)
Place of publication Anand, Gujarat
Name of publisher Charotar Publishing House Pvt. Ltd
Year of publication 2012
300 ## - PHYSICAL DESCRIPTION
Number of Pages 712, 727
700 ## - ADDED ENTRY--PERSONAL NAME
Personal name Panchal, V.M
700 ## - ADDED ENTRY--PERSONAL NAME
Personal name Ingle, Pramod R
942 ## - ADDED ENTRY ELEMENTS (KOHA)
Koha item type Books
Holdings
Withdrawn status Lost status Damaged status Collection code Home library Current library Shelving location Date acquired Source of acquisition Cost, normal purchase price Full call number Accession Number Koha item type
      Non-fiction KAUAET KAUAET General Stacks 31/03/2012 Current Books, Thrissur 200.00 604.2 BHA/EN 22542 Books
      Non-fiction KAUAET KAUAET Scheme 13/03/2013 Calicut Book Distributors 200.00 604.2 BHA/EN BB 211 Book Bank scheme for SC students
      Non-fiction KAUAET KAUAET Scheme 13/03/2013 Calicut Book Distributors 200.00 604.2 BHA/EN BB 212 Book Bank scheme for SC students
free website counter